000 00600nam a2200181Ia 4500
003 GCL
008 140319s9999 xx 000 0 ara d
040 _aGCL /
_cGCL
082 0 4 _aق
_b928.1
_bم م
100 1 _aمحمد شلبى
245 1 0 _aمصطفى لطفى المنفلوطى الاديب الاشتراكى (هدية من الاديب عبدالفتاح الجمل) /
_cمحمد شلبى
300 _a129 ص
490 _a
650 0 4 _aالتراجم الادبية
650 0 4 _aالادباء المصريون
650 0 4 _aمصطفى لطفى المنفلوطى
942 _2ddc
_cBK
999 _c39374
_d39374